00996cam a22002771 450000100060000000300080000600500170001400800390003103500190007003500190008904000380010804100080014608200130015410000400016724501250020726000400033230000440037249000250041665000510044165000400049265000300053265100710056265500310063365500300066465500240069420154BD-RjUL20211209000528.0140226s1945 xx 000 0 eng a(BD-RjUL)20216 a(OCoLC)1190251 aDLCcMeU-PdCBdDLCdBD-RjULbeng aeng a823bCOL1 aCooper, James Fenimore,d1789-1851.14aThe Last of the Mohicans;ba narrative of 1757 /cIllustrated by James Daugherty. Introduction by May Lamberton Becker. aCleveland :bWorld Pub. Co.,c1945. a370 p. :billus. (some color) ;c22 cm.0 aThe Rainbow classics 0aBumppo, Natty (Fictitious character)vFiction. 0aFrontier and pioneer lifevFiction. 0aMohegan IndiansvFiction. 0aUnited StatesxHistoryyFrench and Indian War, 1754-1763vFiction. 7aHistorical fiction.2gsafd 7aAdventure fiction.2gsafd 7aWar stories.2gsafd